Dvojčatá Pat a Izabela

Bibliographic Details
Main Author: Blyton, Enid, 1897-1968 (Author)
Other Authors: Kvapil, Ján, 1960- (Translator), Martinová, Ina, 1954- (Translator), Frühaufová, Marta (Translator), Petro, Ján (prekladateľ) (Translator), Polakovič, Dušan, 1950-2016 (Bookjacket designer)
Format: Book
Language:Slovak
English
Published: Bratislava Egmont Neografia 1993
Edition:1. vyd.
Subjects:

MARC

LEADER 00000cam a2200000 a 4500
001 vtls001073340
003 SK-MaSNL
005 20260301153115.0
008 240702s1993 xo dr 0000f slo
015 |a SNBA1993/11 
020 |a 8071344990 
035 |a SNK000016171 
040 |a SNK  |b slo  |c SNK  |e AACR2 
041 1 |a slo  |h eng 
044 |a xo  |c SK 
072 7 |a 821.111-3  |x Anglická próza, anglicky písaná  |2 konspekt 
072 7 |a 821-93  |x Literatúra pre deti a mládež (beletria)  |2 konspekt 
080 |a 820-3  |2 1981 
080 |a 821.111-31  |2 2011 
100 1 |a Blyton, Enid,  |d 1897-1968  |4 aut  |9 85699 
240 1 4 |a The O'Sullivan Twins  |l Slovensky 
245 1 0 |a Dvojčatá Pat a Izabela  |c Enid Blyton ; preložili Ján Kvapil, Inka Hermanová, Marta Frühaufová, Ján Petro 
250 |a 1. vyd. 
260 |a Bratislava  |b Egmont Neografia  |c 1993  |e Banská Bystrica  |f Tlačiarne BB, s.r.o. 
300 |a 143 s.  |c 18 cm 
500 |a Preložené z angličtiny 
655 7 |a anglické romány  |2 SNKPH  |9 70428 
655 7 |a literatúra pre mládež  |2 SNKPH  |9 89423 
700 1 |a Kvapil, Ján,  |d 1960-  |4 trl  |9 37057 
700 1 |a Martinová, Ina,  |d 1954-  |4 trl  |9 66003 
700 1 |a Frühaufová, Marta  |4 trl  |9 243321 
700 1 |a Petro, Ján  |c (prekladateľ)  |4 trl  |9 514337 
700 1 |a Polakovič, Dušan,  |d 1950-2016  |4 bjd  |9 113860 
852 |a Slovenská národná knižnica 
919 |a 80-7134-499-0 
954 |a beletria cudzojazyčná (svetová)  |2 lita 
958 |a LX 
958 |a UP 
968 |b ENG 
999 |c 791521  |d 793451 
952 |t P60, <05>, [BOOK], {605}  |a SNK  |b SNK  |y PREZ  |7 0  |p 17A0019292  |o snkSD 65837 D1  |0 0  |1 0  |4 0  |d 1996-11-08  |l 0  |r 2004-12-31 00:00:00  |w 2026-02-24 
952 |a SNK  |b SNK  |y PREZ  |7 0  |p 17A1045637  |o snkSD 65837   |0 0  |1 0  |4 0  |d 2013-07-18  |l 0  |r 2026-02-24 01:40:00  |w 2026-02-24